000 00596nam a22002297a 4500
003 UA-OsUOA
001 87190
007 ta
008 20120915b un ||||| |||| 00| 0 ukr d
100 _aКуприна К. А.
090 _a82.09
_bК92
942 _cBK
040 _aUA-OsUOA
_brus
_cUA-OsUOA
_dUA-OsUOA
245 _aКуприн - мой отец
300 _a247 с.
955 _a4
041 _arus
080 _a82.09
260 _aМ.
_bСоветская Россия
_c1971
650 7 _a82 Література. Літературознавство
_2UDC
999 _c373481
_d373481